[Event "1st Open"]
[Site "Marrakesh MAR"]
[Date "2010.06.28"]
[Round "5"]
[White "Teske,H"]
[Black "Arnaudov,G"]
[Result "1-0"]
[WhiteElo "2542"]
[BlackElo "2416"]

1.d4 Nf6 2.c4 Nc6 3.Nc3 e5 4.d5 Ne7 5.e4 Ng6 6.Bd3 Bc5 7.Na4 Bb4+ 8.Kf1 Be7
9.g3 a6 10.Nc3 Bc5 11.h4 h6 12.Qe2 d6 13.a3 O-O 14.Kg2 c6 15.Be3 Bxe3 16.Qxe3 cxd5
17.cxd5 Ng4 18.Qd2 Qb6 19.Re1 h5 20.Nh3 f5 21.exf5 Bxf5 22.Bxf5 Rxf5 23.Ne4 Raf8
24.Rhf1 Qd4 25.Re2 Rf3 26.Rd1 Qa4 27.Nhg5 Rb3 28.Qc2 b5 29.Nc3 Rxf2+ 30.Rxf2 Ne3+
31.Kh2 Rxc3 32.Qxa4 bxa4 33.bxc3 Nxd1 34.Rd2 Ne3 35.Rb2 Kf8 36.Rb8+ Ke7 37.Rb7+ Ke8
38.Rxg7 Ne7 39.Ne4  1-0

[Event "1st Open"]
[Site "Marrakesh MAR"]
[Date "2010.07.02"]
[Round "9"]
[White "Ulibin,M"]
[Black "Arnaudov,G"]
[Result "0-1"]
[WhiteElo "2532"]
[BlackElo "2416"]

1.d4 Nf6 2.c4 Nc6 3.Nf3 e6 4.g3 d5 5.Bg2 dxc4 6.Qa4 Bb4+ 7.Bd2 Nd5 8.Qb5 Bxd2+
9.Nbxd2 Nb6 10.Nxc4 Qd5 11.Na3 a6 12.Qd3 e5 13.dxe5 Qxd3 14.exd3 Bf5 15.O-O Bxd3
16.Rfe1 O-O-O 17.Ng5 Nxe5 18.Rxe5 f6 19.Re7 fxg5 20.Rc1 Na8 21.Rxg7 Rhg8
22.Rxg8 Rxg8 23.Rd1 Be2 24.Rd2 Re8 25.f3 Nb6 26.b3 a5 27.Kf2 Ba6 28.Nc2 c6
29.Ne3 Kc7 30.Bh3  0-1

[Event "ch-Paris Int"]
[Site "Paris FRA"]
[Date "2010.07.07"]
[Round "5"]
[White "Richter,Mic"]
[Black "Vidit,S"]
[Result "1-0"]
[WhiteElo "2428"]
[BlackElo "2492"]

1.d4 Nf6 2.c4 Nc6 3.Nc3 e5 4.d5 Ne7 5.Nf3 Ng6 6.h4 h5 7.Bg5 Be7 8.e3 d6 9.Bd3 Ng4
10.Qc2 Nf8 11.O-O-O f6 12.Bf4 exf4 13.exf4 Kf7 14.Rhe1 g6 15.Re2 f5 16.Rde1 Bf6
17.Ng5+ Bxg5 18.hxg5 Bd7 19.f3 Nh2 20.Re3 Kg8 21.g3 Nxf3 22.Rxf3 Rh7 23.Rfe3 c5
24.dxc6 bxc6 25.Qd2 Qc7 26.Bc2 Rd8 27.Bb3 Bc8 28.Kb1 Ba6 29.Nb5 Qb8 30.Qa5 Bb7
31.Nxd6 Rxd6 32.c5+ Rd5 33.Re8 Qc7 34.Qxc7 Rxc7 35.R1e7 Rc8 36.Rxc8 Bxc8
37.Bxd5+ cxd5 38.c6  1-0

[Event "Canadian Open"]
[Site "Toronto CAN"]
[Date "2010.07.14"]
[Round "5"]
[White "Arjun,B"]
[Black "Bekefi,L"]
[Result "0-1"]
[WhiteElo "1883"]
[BlackElo "2267"]

1.d4 Nf6 2.c4 Nc6 3.Nf3 e6 4.Bf4 Ne7 5.e3 Ng6 6.Bg3 Bb4+ 7.Nbd2 a5 8.Bd3 O-O
9.O-O Re8 10.Ne4 Nxe4 11.Bxe4 Bf8 12.Rc1 d6 13.Qc2 f5 14.Bd3 Qf6 15.c5 e5
16.Bb5 Re7 17.Bc4+ Kh8 18.h3 Bd7 19.Bd5 Bc8 20.dxe5 dxe5 21.c6 b6 22.e4 f4
23.Bh2 Re8 24.Kh1 Bd6 25.Bg1 Ne7 26.Bb3 g5 27.Nh2 h5 28.f3 Kg7 29.Rfd1 Rh8
30.a3 g4 31.Qd2 Rb8 32.Qe2 gxh3 33.gxh3 Bxh3 34.Bf2 Be6 35.Rg1+ Kf7 36.Bxe6+ Qxe6
37.Rg5 Rbg8 38.Rcg1 Rxg5 39.Rxg5 Nxc6 40.Rf5+ Ke7 41.Bh4+ Kd7 42.Qg2 Rg8
43.Qd2 Nd4 44.Rxh5 Qc4 45.Qd1 Qe2 46.Qxe2 Nxe2 47.Ng4 Kc8 48.Nxe5 Bxe5 49.Rxe5 Rh8
50.Kg2 Rxh4 51.Re8+ Kb7 52.Rd8 c5  0-1

[Event "Int ch-SVK OpenA"]
[Site "Banska Stiavnica SVK"]
[Date "2010.07.18"]
[Round "9"]
[White "Ruckschloss,K"]
[Black "Detko,Ja"]
[Result "1/2-1/2"]
[WhiteElo "2300"]
[BlackElo "2144"]

1.c4 Nc6 2.d4 Nf6 3.Nf3 e6 4.e3 Bb4+ 5.Bd2 Qe7 6.Bd3 O-O 7.O-O Bxd2 8.Nbxd2 d6
9.Rc1 e5 10.dxe5 Nxe5 11.Be2 Nxf3+ 12.Nxf3 Bg4 13.h3 Bd7 14.Qb3 b6 15.Rfd1 Ne4
16.Qc2 a5 17.Nd4 Rad8 18.Bf3 f5 19.Ne2 Ng5 20.Bd5+ Kh8 21.Ng3 Rf6 22.Rd4 Ne6
23.Bxe6 Bxe6 24.Nh5 Rh6 25.Nf4 Rf6 26.Nd5 Bxd5 27.cxd5 Rf7 28.Rc4 Qe5 29.Qa4 Rdd7
30.Qb5 h6 31.g3 g5 32.Qb3 Kh7 33.R4c2 f4 34.exf4 gxf4 35.Qd3+ Kg7 36.g4 f3
37.Qc3 Kf6 38.Qxf3+ Kg5 39.Qd3 Kh4 40.Kg2 Kg5 41.b3 h5 42.Rc4 Rxf2+ 43.Kxf2 Qh2+  1/2-1/2

[Event "ch-USA Junior"]
[Site "St Louis USA"]
[Date "2010.07.19"]
[Round "9"]
[White "Hughes,T"]
[Black "Zierk,S"]
[Result "0-1"]
[WhiteElo "2312"]
[BlackElo "2385"]

1.d4 Nf6 2.c4 Nc6 3.Nc3 e5 4.d5 Ne7 5.h4 h5 6.Bg5 Ng6 7.e3 Be7 8.Bd3 d6 9.Bxg6 fxg6
10.Qc2 Bf5 11.e4 Bd7 12.f3 Nh7 13.Bxe7 Qxe7 14.O-O-O g5 15.hxg5 Nxg5 16.Kb1 O-O-O
17.b4 h4 18.Qf2 Kb8 19.Rxh4 Qf6 20.Rxh8 Rxh8 21.Nge2 Rh2 22.Qg3 Qh6 23.Nc1 Nf7
24.Nd3 g5 25.Ne2 Nh8 26.Nf2 Rh4 27.Ng1 Ng6 28.Ngh3 Nf4 29.Qxg5 Qxg5 30.Nxg5 Rh2
31.Nd3 Ba4 32.Rd2 Nxd3 33.Rxd3 Rxg2 34.Ra3 Bd1 35.Ne6 Rg3 36.Re3 Bxf3 37.Kc2 Rg2+
38.Kb3 Bg4 39.Nf8 Rf2 40.Nh7 Kc8 41.Rg3 Bd1+ 42.Kc3 b6 43.Ng5 Rc2+ 44.Kd3 Rxa2
45.Rg1 Be2+ 46.Kc3 Ra3+ 47.Kb2 Re3 48.Ne6 Bxc4 49.Rg8+ Kb7 50.Rg7 Rxe4 51.Nxc7 Kb8
52.Kc3 Bf1 53.Ne8 Rc4+ 54.Kb3 Rd4 55.Nxd6 Rxd5 56.Rb7+ Ka8 57.Rd7 Rd3+ 58.Kc2 a5
59.Nc4 e4 60.Nxb6+ Kb8 61.bxa5 Ra3 62.Rf7 Bd3+ 63.Kd2 e3+ 64.Kc1 Ra1+ 65.Kb2 e2
66.Nd7+ Kc8 67.Nb6+ Kd8 68.Rd7+ Ke8 69.Kxa1 e1=Q+ 70.Kb2 Qb4+  0-1

[Event "Andorra Open"]
[Site "La Massana AND"]
[Date "2010.07.21"]
[Round "5"]
[White "Narciso Dublan,M"]
[Black "Serrano Salvador,E"]
[Result "1-0"]
[WhiteElo "2540"]
[BlackElo "2359"]

1.d4 Nf6 2.c4 Nc6 3.Nf3 e6 4.a3 d6 5.Nc3 g6 6.g3 Bg7 7.Bg2 O-O 8.O-O Re8
9.Bf4 h6 10.d5 Na5 11.Qa4 e5 12.Bxe5 dxe5 13.Qxa5 e4 14.Nd4 e3 15.f4 Ng4
16.Nf3 Nf2 17.c5 b6 18.cxb6 cxb6 19.Qa4 Bd7 20.Qb3 Qc8 21.a4 Bxc3 22.Qxc3 Qxc3
23.bxc3 f6 24.Nd4 Rac8 25.Nb5 Bxb5 26.axb5 Rxc3 27.Rxa7 Rc2 28.Re1 Ne4 29.Bxe4 Rxe4
30.Rb7 Ra4 31.Rxb6 Kf7 32.Rb7+ Ke8 33.Kg2 g5 34.fxg5 hxg5 35.d6 Rd2 36.Rc1 Rxd6
37.Rc8+ Rd8 38.Rxd8+ Kxd8 39.Kf3  1-0

[Event "ch-AUT"]
[Site "Vienna AUT"]
[Date "2010.07.24"]
[Round "1"]
[White "Wiedermann,D"]
[Black "Mahdi,K"]
[Result "0-1"]
[WhiteElo "2198"]
[BlackElo "2395"]

1.d4 Nf6 2.c4 Nc6 3.Nf3 e6 4.a3 d5 5.Bg5 h6 6.Bh4 g6 7.e3 Bg7 8.Nc3 Ne7 9.Bg3 O-O
10.h3 Ne4 11.Be5 f6 12.Bh2 c5 13.Bd3 Nxc3 14.bxc3 b5 15.cxb5 c4 16.Bc2 a6
17.O-O axb5 18.Qb1 g5 19.Qxb5 Bd7 20.Qb4 Nc6 21.Qb2 Be8 22.e4 dxe4 23.Bxe4 f5
24.Bxc6 Bxc6 25.Ne5 Bd5 26.Qb4 f4 27.Nxc4 Rb8 28.Qa4 Qc7 29.Ne5 Bb3 30.Qa6 Bxe5
31.dxe5 Bc4 32.Qd6 Qxd6 33.exd6 Bxf1 34.Kxf1 Rb6 35.Rd1 Rd8 36.g3 e5 37.Rd5 Rdxd6
38.Rxe5 f3 39.Re1 Rd3 40.g4 Rxc3 41.a4 Ra3 42.a5 Rc6 43.Kg1 Rxa5 44.Bb8 Ra2
45.Rf1 Rcc2 46.Be5 Kf7 47.Bd4 Ra4 48.Rd1 Rcc4 49.Be3 h5 50.Rd5 hxg4 51.Rxg5 Kf6
52.Kh2 Re4 53.Rg8 Kf7 54.Rg5 Kf6 55.Rg8 Rxe3 56.fxe3 Ra2+ 57.Kh1 f2 58.Rf8+ Ke7
59.Rf5 Ra1+ 60.Kg2 gxh3+  0-1

[Event "97th ch-GBR"]
[Site "Canterbury ENG"]
[Date "2010.07.26"]
[Round "1"]
[White "Williams,Pe"]
[Black "Pleasants,A"]
[Result "1/2-1/2"]
[WhiteElo "2145"]
[BlackElo "2032"]

1.d4 Nf6 2.c4 Nc6 3.Nf3 e6 4.e3 Bb4+ 5.Bd2 Qe7 6.Bd3 Bxd2+ 7.Nbxd2 e5 8.dxe5 Ng4
9.O-O Ngxe5 10.Nxe5 Nxe5 11.Bc2 d6 12.h3 Bd7 13.Re1 O-O 14.f4 Ng6 15.Qh5 f5
16.Nf3 Qf6 17.g4 Rae8 18.gxf5 Bxf5 19.Bxf5 Qxf5 20.Qxf5 Rxf5 21.Nd4 Rc5 22.b3 Re4
23.Nf3 h6 24.Rad1 Kf7 25.Rd4 Rxd4 26.Nxd4 Kf6 27.Kf2 Ne7 28.e4 a6 29.a4 Rh5
30.Kg3 Ra5 31.Kf3 g6 32.Kg3 Nc6 33.Nxc6 bxc6 34.Kf3 Rh5 35.Kg3 a5 36.Rd1 Rc5
37.Kf3 Ke6 38.Kg4 Kf6 39.Rd3 Rh5 40.Rd2 Rc5 41.Rf2 Ke6 42.Re2 g5 43.f5+ Kf6
44.Kf3 Re5 45.Rc2 h5 46.Rc3 c5 47.Rd3 Re8 48.Rd2 Rb8  1/2-1/2

[Event "ch-AUT"]
[Site "Vienna AUT"]
[Date "2010.07.27"]
[Round "4"]
[White "Diermair,A"]
[Black "Baumegger,S"]
[Result "1/2-1/2"]
[WhiteElo "2312"]
[BlackElo "2389"]

1.d4 Nf6 2.c4 Nc6 3.Nf3 e6 4.g3 Bb4+ 5.Bd2 Qe7 6.Nc3 O-O 7.Bg2 Bxc3 8.Bxc3 Ne4
9.Rc1 d6 10.d5 Nd8 11.O-O e5 12.Nd2 Nxc3 13.Rxc3 b6 14.b4 a5 15.a3 axb4 16.axb4 f5
17.Qc2 Nf7 18.c5 bxc5 19.bxc5 Qf6 20.Nc4 f4 21.Nd2 Ng5 22.Ne4 Nxe4 23.Bxe4 Bh3
24.Bg2 Bxg2 25.Kxg2 e4 26.Rc4 f3+ 27.Kg1 Ra1 28.exf3 exf3 29.cxd6 cxd6 30.Qc3 Qf5
31.Rc7 Rxf1+ 32.Kxf1 Qb1+ 33.Qe1 Qd3+ 34.Kg1 Qxd5 35.h4 h6 36.Qe7 Qd1+ 37.Kh2 Qd4
38.Kh3 d5 39.Rd7 Qb2 40.Rd8 Rxd8 41.Qxd8+ Kh7 42.Qxd5  1/2-1/2

[Event "97th ch-GBR"]
[Site "Canterbury ENG"]
[Date "2010.07.30"]
[Round "5"]
[White "Addison,B"]
[Black "Pleasants,A"]
[Result "1-0"]
[WhiteElo "2235"]
[BlackElo "2032"]

1.d4 Nf6 2.c4 Nc6 3.Nc3 e5 4.d5 Ne7 5.Nf3 Ng6 6.h4 h5 7.Bg5 d6 8.Qc2 Bg4
9.e3 Be7 10.Bd3 Nf8 11.Nd2 c6 12.f3 Bd7 13.Ke2 Qc7 14.Rab1 a6 15.b4 Rc8 16.Rhc1 Ng8
17.Bxe7 Nxe7 18.dxc6 Bxc6 19.b5 Bd7 20.bxa6 bxa6 21.Nd5 Qa7 22.Nb6 Rd8 23.c5 dxc5
24.Qxc5 Rh6 25.Qc7 Qxc7 26.Rxc7 Rxb6 27.Rxb6 Nd5 28.Rbb7 Nxc7 29.Rxc7 Ne6
30.Ra7 Nc5 31.Bc4 Rb8 32.Nb3 Nxb3 33.Bxb3 Rb6 34.Bxf7+ Kxf7 35.Rxd7+ Kf6
36.Rd2 a5 37.e4 g5 38.hxg5+ Kxg5 39.Ke3 Rc6 40.g3 Rc4 41.Rd5 Ra4 42.Rxe5+ Kg6
43.Kf4 Ra3 44.Re6+ Kg7 45.Ra6 a4 46.e5 Rxa2 47.Kg5 Rg2 48.Ra7+ Kh8 49.Kf4 Ra2
50.Kg5 Rg2 51.Kxh5 a3 52.Rxa3 Rxg3 53.Ra8+ Kg7 54.Ra7+ Kf8 55.f4 Ke8 56.f5 Kf8
57.e6 Re3 58.Kg6 Rc3 59.Kf6 Rc8 60.Rf7+ Kg8 61.Rb7 Kf8 62.Rd7  1-0

[Event "97th ch-GBR"]
[Site "Canterbury ENG"]
[Date "2010.07.30"]
[Round "5"]
[White "Summerscale,A"]
[Black "Jackson,J"]
[Result "1/2-1/2"]
[WhiteElo "2428"]
[BlackElo "2135"]

1.d4 Nf6 2.c4 Nc6 3.Nf3 e6 4.a3 d6 5.Nc3 g6 6.e4 Bg7 7.Be2 O-O 8.O-O Re8
9.d5 Ne7 10.dxe6 Bxe6 11.Nd4 Bd7 12.Be3 Nc6 13.f3 a5 14.b3 Nxd4 15.Bxd4 c5
16.Bf2 Ng4 17.fxg4 Bxc3 18.Rc1 Be5 19.Qd2 Bc6 20.Bf3 Qf6 21.Rc2 b6 22.a4 Qe7
23.Qd3 Qb7 24.Re2 Re6 25.Rfe1 Rae8 26.Kh1 Qe7 27.Kg1 Kg7 28.Kh1 Kg8 29.Kg1 Qg5
30.Kh1 Qh6 31.Bg1 Qh4 32.Rd1 Kh8 33.Rf1 Kg8 34.Rd1 g5 35.Qd2 Bf4 36.Qe1 Qh6
37.g3 Be5 38.Qf2 Qg6 39.Qg2 Bg7 40.Bf2 Bxe4 41.Bxe4 Rxe4 42.Rxe4 Rxe4 43.Qf3 Bd4
44.Bxd4 cxd4 45.Qf2 Qg7 46.Qf5 Qe5 47.Kg2 Qxf5 48.gxf5 g4 49.h3 h5 50.hxg4 hxg4
51.Kf2 Kg7 52.Rb1 Kf6 53.b4 axb4 54.Rxb4 d3 55.Rxb6 Ke5 56.Rb5+ Kd4 57.Rd5+ Kc3
58.c5 dxc5 59.Rxc5+ Kd2 60.a5 Re2+ 61.Kf1 Kd1 62.Rd5 d2 63.a6 Re7 64.Rc5 Re3
65.a7 Rf3+ 66.Kg2 Ra3 67.Rc7 Ke2 68.Re7+ Kd3 69.Rd7+ Ke2  1/2-1/2

[Event "49th WJun"]
[Site "Chotowa POL"]
[Date "2010.08.04"]
[Round "2"]
[White "Kasyan,A"]
[Black "Van Rensburg,R"]
[Result "1-0"]
[WhiteElo "2326"]
[BlackElo "2079"]

1.d4 Nf6 2.c4 Nc6 3.Nf3 e6 4.g3 Bb4+ 5.Nc3 Bxc3+ 6.bxc3 O-O 7.Bg2 d6 8.O-O Re8
9.Nd2 e5 10.e3 Bf5 11.e4 Bd7 12.Bb2 Qc8 13.f4 Bh3 14.Qf3 Bxg2 15.Kxg2 Qg4
16.h3 Qg6 17.d5 Nb8 18.f5 Qg5 19.Rad1 Nh5 20.Kh2 Nd7 21.Bc1 Qe7 22.Nb3 a5
23.Qe2 g6 24.Bh6 Kh8 25.Rf2 Rg8 26.Rg1 f6 27.Qf3 Qf7 28.fxg6 Qxg6 29.Be3 Ng7
30.Kh1 a4 31.Nc1 a3 32.Nb3 Raf8 33.g4 Qe8 34.c5 Qa8 35.c4 b6 36.c6 Nc5 37.Nxc5 bxc5
38.Bh6 Rf7 39.g5 Ne8 40.Qf5 Qd8 41.g6 hxg6 42.Rxg6 Qe7 43.Rxg8+ Kxg8 44.Rg2+ Ng7
45.Rg3 Kh8 46.Qg6  1-0

[Event "Politiken Cup"]
[Site "Copenhagen DEN"]
[Date "2010.08.04"]
[Round "6"]
[White "Veng,J"]
[Black "Nilsson,Anders1"]
[Result "1-0"]
[WhiteElo "2294"]
[BlackElo "2160"]

1.d4 Nf6 2.c4 Nc6 3.Nf3 e6 4.g3 Bb4+ 5.Bd2 Qe7 6.Nc3 Bxc3 7.Bxc3 Ne4 8.Rc1 d6
9.Bg2 Nxc3 10.Rxc3 e5 11.d5 Nb8 12.O-O O-O 13.Nd2 a5 14.f4 exf4 15.gxf4 Na6
16.f5 Qe5 17.f6 g6 18.Ne4 Nc5 19.Nxc5 dxc5 20.Qc1 Ra6 21.Rcf3 Kh8 22.Qh6 Rg8
23.Qf4 Qxf4 24.Rxf4 Re8 25.Re4 Rxe4 26.Bxe4 Bh3 27.Bg2 Bxg2 28.Kxg2 Rb6 29.b3 a4
30.Rf3 g5 31.e4 g4 32.Rf4 axb3 33.axb3 Rxb3 34.e5 h5 35.e6 Kg8 36.e7 Re3
37.Rf5 b5 38.Rg5+ Kh7 39.Kf2 Re4 40.Rxh5+ Kg6 41.Rh8  1-0

[Event "49th WJun"]
[Site "Chotowa POL"]
[Date "2010.08.06"]
[Round "4"]
[White "Posedaru,B"]
[Black "Van Rensburg,R"]
[Result "1-0"]
[WhiteElo "2294"]
[BlackElo "2079"]

1.d4 Nf6 2.c4 Nc6 3.Nf3 e6 4.Nc3 Bb4 5.Qc2 d6 6.Bd2 O-O 7.a3 Bxc3 8.Bxc3 Re8
9.Rd1 Qe7 10.e3 e5 11.d5 Nb8 12.Be2 Bg4 13.O-O Nbd7 14.b4 b6 15.e4 a5 16.Ra1 Ra7
17.Ne1 Rea8 18.Bxg4 Nxg4 19.Nd3 axb4 20.axb4 Rxa1 21.Rxa1 Rxa1+ 22.Bxa1 Qh4
23.h3 Nh6 24.f3 f5 25.Qf2 Qg5 26.f4 exf4 27.Qxf4 Qxf4 28.Nxf4 fxe4 29.Ne6 Nf7
30.Bxg7 Nfe5 31.c5 dxc5 32.bxc5 bxc5 33.Bxe5 Nxe5 34.Nxc5 e3 35.Kf1 Ng6 36.Ne6 Kf7
37.Ke2 Ke7 38.Kxe3 c6 39.Nf4 cxd5 40.Nxd5+ Kf7 41.Ke4 Kg7 42.Nf4 Ne7 43.Ke5 Kf7
44.g4 h6 45.h4 Nc6+ 46.Ke4 Ne7 47.Nd5 Ng6 48.h5 Nf8 49.Ke5 Nd7+ 50.Kf5 Kg7
51.Ke6 Nc5+ 52.Ke7 Nd3 53.Ne3 Ne5 54.Ke6 Nf3 55.Nf5+ Kh7 56.Kf6 Nh2 57.Ne3 Nf3
58.Nc4 Ng5 59.Nd2 Nh3 60.Ne4 Nf2  1-0

[Event "Negroponte Open"]
[Site "Chalkis GRE"]
[Date "2010.08.09"]
[Round "1"]
[White "Graf,A"]
[Black "Koerant,F"]
[Result "1-0"]
[WhiteElo "2590"]
[BlackElo "2024"]

1.d4 Nf6 2.c4 Nc6 3.Nc3 e5 4.d5 Ne7 5.Nf3 Ng6 6.h4 h5 7.Bg5 Bb4 8.Qc2 Bxc3+
9.Qxc3 d6 10.Nd2 Bf5 11.e4 Bd7 12.c5 O-O 13.g3 c6 14.dxc6 Bxc6 15.Bg2 dxc5
16.Qxc5 Rc8 17.Qxa7 Qd3 18.Qe3 Qb5 19.Bxf6 gxf6 20.a4 Qxb2 21.O-O Rfd8 22.Nc4 Qd4
23.Qe2 Bxe4 24.Bxe4 Qxc4 25.Qf3 Kg7 26.Bxb7 Rd3 27.Qg2 Rcd8 28.a5 R8d4 29.a6 Nxh4
30.Qh3 Rg4 31.a7 Qd4 32.Kh1 Ng6 33.a8=Q Nf4 34.Qh2 h4 35.gxf4  1-0

[Event "Twente Young Masters"]
[Site "Enschede NED"]
[Date "2010.08.11"]
[Round "4"]
[White "Popilski,G"]
[Black "Ootes,La"]
[Result "1-0"]
[WhiteElo "2451"]
[BlackElo "2315"]

1.d4 Nf6 2.c4 Nc6 3.Nf3 e6 4.Nc3 Bb4 5.Qc2 d6 6.a3 Bxc3+ 7.Qxc3 O-O 8.g3 Qe7
9.Bg2 e5 10.d5 Nb8 11.Nh4 Ne8 12.e4 g6 13.Bh6 Ng7 14.f4 f5 15.fxe5 dxe5 16.exf5 g5
17.Nf3 Rxf5 18.O-O Qf6 19.Bxg5 Rxg5 20.Nxg5 Qxg5 21.Rae1 Nd7 22.c5 Qe7 23.c6 bxc6
24.dxc6 Qc5+ 25.Kh1 Ba6 26.cxd7 Qxc3 27.Bd5+ Kh8 28.bxc3 Rd8 29.Rf7 Bb5 30.Rxe5 Bxd7
31.Ree7 Bf5 32.c4 c6 33.Bxc6 Bh3 34.Bd5 Rb8 35.Kg1  1-0

[Event "e2e4 Autumn Masters A"]
[Site "Uxbridge ENG"]
[Date "2010.08.12"]
[Round "3"]
[White "Sowray,P"]
[Black "Nilsson,Anders1"]
[Result "0-1"]
[WhiteElo "2383"]
[BlackElo "2160"]

1.d4 Nf6 2.c4 Nc6 3.Nc3 e5 4.d5 Ne7 5.h4 h6 6.e4 Neg8 7.Be3 Bb4 8.f3 Bxc3+
9.bxc3 d6 10.Bd3 Nd7 11.Ne2 Qf6 12.Kf2 Nc5 13.Bc2 Qe7 14.g4 Nf6 15.g5 Nh5
16.Qd2 Bd7 17.gxh6 gxh6 18.Bxh6 O-O-O 19.Rag1 Rdg8 20.Rg5 Nf6 21.Bg7 Rxg7
22.Rxg7 Nfxe4+ 23.Bxe4 Nxe4+ 24.fxe4 Qf6+ 25.Ke1 Qxg7 26.Qe3 b6 27.Ng3 Qg4
28.h5 f5 29.exf5 Qxc4 30.h6 Qxd5 31.h7 Bxf5 32.c4 Qa5+ 33.Kf1 Bxh7 34.Qf3 Kb8
35.Ne4 Qxa2 36.Nf6 Qb1+ 37.Kg2 Qxh1+ 38.Kxh1 Be4+  0-1

[Event "14th HZ Open"]
[Site "Vlissingen NED"]
[Date "2010.08.13"]
[Round "8"]
[White "Kuijpers,J"]
[Black "Colijn,S"]
[Result "0-1"]
[WhiteElo "1949"]
[BlackElo "2174"]

1.d4 Nf6 2.c4 Nc6 3.Nc3 e5 4.d5 Ne7 5.e4 Ng6 6.Bd3 Bc5 7.Nge2 Ng4 8.Rf1 Nxh2
9.b4 Bxb4 10.Rh1 Ng4 11.f3 Nf6 12.Qb3 a5 13.g3 Qe7 14.a3 Bc5 15.Nb5 d6 16.Bg5 O-O
17.O-O-O c6 18.Nbc3 h6 19.Bd2 Bd7 20.g4 Nh7 21.Rh5 b5 22.dxc6 bxc4 23.Bxc4 Bxc6
24.Rdh1 a4 25.Qa2 Rab8 26.Ng3 d5 27.Nf5 Bxa3+ 28.Kd1 Qc5 29.exd5 Rb2 30.Qa1 Bd7
31.Bd3 Nf4 32.Ne4 Rxd2+ 33.Kxd2 Bb4+ 34.Kd1 Qxd5 35.Qb1 Nxd3 36.Ne3 Qd4 37.Nc2 Nf2+
38.Kc1 Rc8 39.Qa2 Be6 40.Qxa4 Bd2+  0-1

[Event "25th Open"]
[Site "Teteven BUL"]
[Date "2010.08.14"]
[Round "1"]
[White "Ivanov,Do"]
[Black "Kukov,V"]
[Result "0-1"]
[WhiteElo "1809"]
[BlackElo "2381"]

1.c4 Nf6 2.d4 Nc6 3.Nf3 e6 4.Nc3 Bb4 5.Bg5 h6 6.Bxf6 Qxf6 7.e3 d6 8.Be2 Bxc3+
9.bxc3 O-O 10.O-O e5 11.Rb1 b6 12.Nd2 Bf5 13.Rb2 Qg6 14.Kh1 Rae8 15.a4 Re7
16.Bh5 Qg5 17.Bf3 Na5 18.c5 dxc5 19.dxc5 Rd8 20.Qe1 Bd3 21.Be2 e4 22.cxb6 cxb6
23.Bxd3 Rxd3 24.Rb4 Qd5 25.Rd4 Qc6 26.Rxd3 exd3 27.Qa1 Rc7 28.Rc1 Nb7 29.c4 Nc5
30.a5 bxa5 31.Qxa5 Rb7 32.Qd8+ Kh7 33.h3 Rb2 34.Qa5 Qb6 35.Qc3 a5 36.f3 Qb4
37.Qe5 Ne6 38.Qe4+ g6 39.Nf1 d2 40.Rd1 Qa4 41.Rxd2 Rxd2  0-1

[Event "6th Prospero A Pichay Cup"]
[Site "Manila PHI"]
[Date "2010.08.21"]
[Round "1"]
[White "Bhagwat,V"]
[Black "Ranola,Y"]
[Result "0-1"]
[WhiteElo "2175"]
[BlackElo "2397"]

1.d4 Nf6 2.c4 Nc6 3.Nf3 e6 4.Nc3 Bb4 5.Qc2 d6 6.a3 Bxc3+ 7.Qxc3 a5 8.b3 O-O
9.e3 Qe7 10.Be2 e5 11.dxe5 dxe5 12.Bb2 Ne4 13.Qc2 Nc5 14.O-O Bg4 15.h3 Bh5
16.Nxe5 Bxe2 17.Nxc6 bxc6 18.Qxe2 Rab8 19.b4 Na4 20.b5 cxb5 21.cxb5 Qg5 22.Bd4 Qxb5
23.Qg4 f6 24.Ba7 Rb7 25.Rab1 Qxb1 26.Rxb1 Rxb1+ 27.Kh2 Nb6 28.Qe6+ Kh8 29.Qe7 Rc8
30.Qc5 a4 31.Qf5 Rc1 32.Qe6 h6 33.Qe4 Rc4 34.Qe6 Rc3 35.Bxb6 cxb6 36.Qxb6 Rxa3
37.Qa6 Rg8 38.Kg3 Ra1 39.Qa5 Ra2 40.Qb5 Rc8 41.Qb1 Rcc2 42.Qb8+ Kh7 43.f3 a3
44.Qb7 Rxg2+ 45.Kf4 Rg6 46.Qb3 Ra1 47.Qc3 Rh1 48.Qxa3 Rxh3 49.e4 Rgg3  0-1

[Event "USCL"]
[Site "ICC INT"]
[Date "2010.08.23"]
[Round "1"]
[White "Foisor,S"]
[Black "Vigorito,D"]
[Result "0-1"]
[WhiteElo "2317"]
[BlackElo "2411"]

1.d4 Nf6 2.c4 Nc6 3.Nf3 e6 4.a3 d6 5.Nc3 g6 6.e4 Bg7 7.Be2 O-O 8.O-O e5 9.dxe5 dxe5
10.h3 Be6 11.Be3 Nh5 12.Re1 Nd4 13.Bf1 c6 14.Nd2 Qe7 15.b4 Rfd8 16.Qb1 Rd7
17.c5 Rad8 18.Bc4 Nf4 19.Bxe6 Ndxe6 20.Nf3 Rd3 21.Na4 Qf6 22.Nb2 R3d7 23.Nc4 Nxh3+
24.Kf1 Nd4 25.Nfxe5 Qe6 26.f4 f6 27.f5 gxf5 28.gxh3 fxe5 29.Nd6 f4 30.Bxd4 Qxh3+
31.Ke2 exd4 32.Qd3 Qe3+ 33.Qxe3 dxe3 34.Rad1 Be5 35.Rg1+ Kf8 36.Rg5 Bxd6
37.cxd6 Rxd6 38.Rxd6 Rxd6 39.Rf5+ Ke7 40.Rxf4 h5 41.Kxe3 Rh6 42.Rh4 Ke6 43.Kf4 Rh8
44.e5 Rf8+ 45.Ke4 Rf5 46.Kd4 Rxe5 47.a4 Rg5 48.Rh1 a5 49.Kc3 Rg3+ 50.Kc4 Rg4+
51.Kc5 Rxb4 52.Rxh5 Kd7 53.Rh7+ Kc8 54.Kd6 Kb8 55.Rh8+ Ka7 56.Kc7 Rxa4 57.Rh1 Rb4
58.Ra1 a4 59.Rf1 a3 60.Rf3 Ra4 61.Rb3 a2 62.Rxb7+ Ka6 63.Rb6+ Ka5 64.Kxc6 Rc4+
65.Kb7 Rb4  0-1

[Event "TCh-SRB 1st League"]
[Site "Vrnjacka Banja SRB"]
[Date "2010.08.25"]
[Round "5"]
[White "Milanovic,Da"]
[Black "Perunovic,Mio"]
[Result "1/2-1/2"]
[WhiteElo "2499"]
[BlackElo "2449"]

1.d4 Nf6 2.c4 Nc6 3.Nf3 e6 4.a3 d6 5.Nc3 g6 6.Bf4 Bg7 7.e3 O-O 8.Be2 Qe7
9.O-O h6 10.h3 Re8 11.Bh2 a6 12.b4 e5 13.d5 Nd8 14.Rc1 Nd7 15.Na4 b6 16.c5 dxc5
17.bxc5 b5 18.d6 cxd6 19.cxd6 Qf8 20.Nc5 Nxc5 21.Rxc5 Ne6 22.Rd5 Bb7 23.Nxe5 Rad8
24.Rd2 Nc5 25.Nf3 Ne4 26.Rd3 Nc5 27.Rd2 Ne4  1/2-1/2

[Event "6th Prospero A Pichay Cup"]
[Site "Manila PHI"]
[Date "2010.08.26"]
[Round "9"]
[White "Pascua,H"]
[Black "Ranola,Y"]
[Result "0-1"]
[WhiteElo "2368"]
[BlackElo "2397"]

1.d4 Nf6 2.c4 Nc6 3.Nc3 e5 4.d5 Ne7 5.e4 Ng6 6.Be3 Bb4 7.f3 Bxc3+ 8.bxc3 d6
9.h4 h5 10.Qa4+ Nd7 11.g3 O-O 12.Nh3 Nc5 13.Qc2 c6 14.Be2 Qa5 15.f4 exf4
16.Nxf4 Bg4 17.Bxg4 hxg4 18.O-O-O Ne5 19.h5 Rfe8 20.h6 g6 21.Bd4 Kh7 22.Bxe5 Rxe5
23.dxc6 bxc6 24.Qb2 Qc7 25.Nd3 Rb8 26.Qc2 Qa5 27.Rd2 Qa3+ 28.Kd1 Nxe4 29.Nxe5 Nxc3+
30.Ke1 Rb1+ 31.Kf2 Rxh1 32.Nxg4 Qc5+ 33.Kg2 Qg1+ 34.Kf3 Nd1 35.Qd3 Qe1 36.Qd4 Rf1+
37.Kg2 Rg1+ 38.Qxg1 Qxd2+ 39.Kh3 c5 40.Qh1 Nf2+ 41.Nxf2 Qxf2 42.Qa8 Qf1+
43.Kh2 Qe2+ 44.Kh3 Qxc4 45.Qxa7 Qe6+ 46.Kh2 Kxh6 47.a4 Qe2+ 48.Kh3 Qf3 49.a5 Qh1+
50.Kg4 f5+ 51.Kf4 Qe4+  0-1

[Event "6th Geller Memorial Open A"]
[Site "Odessa UKR"]
[Date "2010.08.26"]
[Round "6"]
[White "Lomakin,V"]
[Black "Olshevskiy,M"]
[Result "0-1"]
[WhiteElo "2092"]
[BlackElo "2021"]

1.d4 Nf6 2.c4 Nc6 3.Nc3 e5 4.d5 Nb8 5.a3 a5 6.Nf3 d6 7.h3 Bf5 8.g4 Bg6 9.Bg5 Be7
10.Bxf6 Bxf6 11.e4 h5 12.Rg1 hxg4 13.hxg4 Bg5 14.c5 Na6 15.Bb5+ Kf8 16.Bxa6 Rxa6
17.cxd6 cxd6 18.Nxg5 Qxg5 19.Qd2 f6 20.O-O-O Rh2 21.Qxg5 fxg5 22.Rd2 Be8
23.Nd1 b5 24.Ne3 b4 25.Rc2 Ba4 26.Rd2 g6 27.Kb1 Ke7 28.Rc1 Kd7 29.Ka1 b3
30.Nd1 Ke8 31.Rd3 Rb6 32.Rf3 Bd7 33.Ne3 Ke7 34.Kb1 Rb8 35.Nc4 Bxg4 36.Rg3 Be2
37.Nxa5 Kd7 38.Nxb3 Rxf2 39.Ka2 Bf3 40.Rh3 Bxe4 41.Rh7+ Ke8 42.Rh8+ Rf8 43.Rh7 Bxd5
44.Rc3 Kd8 45.a4 Rxb3  0-1

[Event "ch-RUS Higher League w"]
[Site "St Petersburg RUS"]
[Date "2010.08.27"]
[Round "2"]
[White "Nebolsina,V"]
[Black "Markelova,L"]
[Result "1-0"]
[WhiteElo "2349"]
[BlackElo "2075"]

1.d4 Nf6 2.c4 Nc6 3.Nf3 e6 4.a3 d6 5.Nc3 g6 6.e4 Bg7 7.Be2 O-O 8.O-O Re8
9.b4 e5 10.dxe5 dxe5 11.Qxd8 Nxd8 12.h3 c6 13.Be3 Ne6 14.Rfd1 Nd4 15.Nxd4 exd4
16.Bxd4 Nxe4 17.Nxe4 Rxe4 18.Bxg7 Kxg7 19.Bf3 Rxc4 20.Rd8 a5 21.bxa5 Ra4
22.Re1 Rxa3 23.Ree8 R8xa5 24.Rxc8 Ra1+ 25.Kh2 Rf1 26.Rg8+ Kf6 27.Rc7 h5 28.Rf8 h4
29.Rcxf7+ Kg5 30.Rf4 Rxf2 31.Rg4+ Kh6 32.Rxh4+ Kg7 33.Rhf4 Kh6 34.R4f7  1-0

[Event "PK NBSB"]
[Site "Roosendaal NED"]
[Date "2010.08.28"]
[Round "2"]
[White "Docx,S"]
[Black "Van Lankveld,W"]
[Result "1-0"]
[WhiteElo "2370"]
[BlackElo "2003"]

1.d4 Nf6 2.c4 Nc6 3.Nf3 e6 4.g3 d5 5.Bg2 dxc4 6.Qa4 Bb4+ 7.Bd2 Nd5 8.Bxb4 Nxb4
9.O-O O-O 10.a3 Nd5 11.Qxc4 Nb6 12.Qc3 e5 13.dxe5 Qe7 14.Nbd2 Re8 15.Rfc1 Bg4
16.h3 Bxf3 17.Nxf3 Nd7 18.e3 Rac8 19.Rc2 Nd8 20.Rd1 c6 21.Qa5 a6 22.Rcd2 Nf8
23.Kh2 Nde6 24.Nd4 g6 25.Nxe6 Qxe6 26.f4 Qb3 27.Qb4 Qxb4 28.axb4 Rc7 29.e4 Kg7
30.Kg1 c5 31.bxc5 Rxc5 32.Kf2 h5 33.h4 Rec8 34.Bh3 R8c7 35.Ke3 a5 36.Rd5 a4
37.f5 b5 38.Rxc5 Rxc5 39.Kf4 b4 40.Rd8 f6 41.exf6+  1-0

[Event "17th Open A"]
[Site "Graz AUT"]
[Date "2010.08.30"]
[Round "3"]
[White "Kravanja,A"]
[Black "Holzbauer,J"]
[Result "1/2-1/2"]
[WhiteElo "2028"]
[BlackElo "2036"]

1.d4 Nf6 2.c4 Nc6 3.Nf3 e6 4.g3 Bb4+ 5.Nbd2 d6 6.Bg2 O-O 7.O-O e5 8.d5 Bxd2
9.Bxd2 Ne7 10.Ne1 Bg4 11.f3 Bd7 12.e4 c6 13.dxc6 bxc6 14.Nd3 Qb6+ 15.Kh1 Be6
16.Qc2 c5 17.f4 Nc6 18.Qc3 Qc7 19.fxe5 Nxe5 20.b3 Nfd7 21.Nf4 Rac8 22.Bc1 Nb8
23.Bb2 Nbc6 24.Qd2 Qe7 25.Rad1 Bg4 26.Nd5 Qd8 27.Rde1 f6 28.Ne3 Be6 29.Rd1 Nf7
30.Nf5 Bxf5 31.exf5 Nce5 32.Bd5 Kh8 33.Qg2 Qc7 34.Rf4 h6 35.Rf2 Ng4  1/2-1/2

[Event "9th Georgiev-Kesarovski Mem"]
[Site "Sunny Beach BUL"]
[Date "2010.08.30"]
[Round "3"]
[White "Rusev,K"]
[Black "Kosanovic,D"]
[Result "1-0"]
[WhiteElo "2543"]
[BlackElo "2324"]

1.d4 Nf6 2.c4 Nc6 3.Nf3 d6 4.d5 Ne5 5.Nxe5 dxe5 6.Nc3 e6 7.e4 Bd7 8.Be2 exd5
9.cxd5 Bd6 10.Qb3 Qc8 11.Bg5 Be7 12.Rc1 O-O 13.O-O c6 14.Be3 Qb8 15.dxc6 Bxc6
16.f3 h6 17.Bc4 a6 18.a4 Qd6 19.Rfd1 Qb4 20.Qxb4 Bxb4 21.Bb3 Rac8 22.Kf2 Rfd8
23.Ke2 Kf8 24.g3 Rxd1 25.Nxd1 Bd7 26.Rxc8+ Bxc8 27.Nf2 Bd6 28.Nd3 Ke7 29.Bc4 Bd7
30.a5 Be6 31.Bxe6 Kxe6 32.Kd2 Kd7 33.Kc3 Kc6 34.Kc4 Ne8 35.Bd2 Nc7 36.Bc3 f6
37.f4 exf4 38.gxf4  1-0